| 000 | 01430cam a2200325 a 4500 | ||
|---|---|---|---|
| 001 | 14478118 | ||
| 003 | OSt | ||
| 005 | 20210414114202.0 | ||
| 008 | 060802s2007 ohuab 001 0 eng | ||
| 010 | _a 2006932105 | ||
| 020 | _a0324375115 (student ed. packaged with Online legal research guide) | ||
| 040 |
_aDLC _cDLC _dDLC |
||
| 043 | _an-us--- | ||
| 050 | 0 | 0 |
_aKF889 _b.M536 2007 |
| 100 | 1 | _aMiller, Roger LeRoy. | |
| 245 | 1 | 4 |
_aThe legal environment today : _bbusiness in its ethical, regulatory, e-commerce, and international setting / _cRoger LeRoy Miller, Frank B. Cross. |
| 250 | _a5th ed. | ||
| 260 |
_aMason, Ohio : _bThomson/West, _cc2007. |
||
| 300 |
_a777 p. : _bcol. ill., 1 map ; _c27 cm. |
||
| 500 | _aRev. ed. of: Legal and e-commerce environment today. 4th. ed. c2005. | ||
| 500 | _aLaid in fold. sample of sales contract for purchase of green coffee. | ||
| 500 | _aIncludes index. | ||
| 505 | _aContents: The Foundations -- The Public Environment -- The Private environment -- The Employment environment -- The Regulatory environment -- The International environment -- Appendices -- Glossary. | ||
| 650 | 0 |
_aCommercial law _zUnited States. |
|
| 650 | 0 |
_aLaw _zUnited States. |
|
| 700 | 1 | _aCross, Frank B. | |
| 906 |
_a7 _bcbc _corigcop _d2 _eepcn _f20 _gy-gencatlg |
||
| 942 |
_2lcc _cBK |
||
| 999 |
_c2693 _d10193 |
||